000 00608nam a22002417a 4500
003 UA-OsUOA
001 92677
007 ta
008 20121221b un ||||| |||| 00| 0 ukr d
090 _a821.161.1
_bБ73
942 _cBK
040 _aUA-OsUOA
_brus
_cUA-OsUOA
_dUA-OsUOA
245 _aБогатые тоже плачут
_bсборник
300 _a224 с.
955 _a3
041 _arus
080 _a821.161.1
020 _a7707-2901-5
260 _aК.
_c1992
246 3 1 _aКн. 1
_n
650 7 _a82 Література. Літературознавство
_2UDC
999 _c379030
_d379030